| 000 | 00632nam a2200205Ii 4500 | ||
|---|---|---|---|
| 003 | JO-AjNU | ||
| 008 | 230605s9999||||xx |||||||||||||| ||und|| | ||
| 017 | _a2007/12/3677 | ||
| 040 |
_aJO-AjNU _bara _erda _cJO-AjNU |
||
| 041 | _aara | ||
| 050 | 1 | 4 | _aR128.3.A2282 2007 |
| 100 | 3 |
_aعبابنه، سليم, _eauthor _949426 |
|
| 245 | 0 | 0 | _aالطب والاطباء في اربد |
| 264 | 3 | 1 | _aعمان:,زارة الثقافة ، 2007 |
| 300 | _a332ص | ||
| 336 |
_atext _btxt _2rdacontent |
||
| 337 |
_aunmediated _bn _2rdamedia |
||
| 338 |
_avolume _bnc _2rdacarrier |
||
| 650 | 4 |
_aالطب - الاطباء - اربد _949427 |
|
| 999 |
_aA21708 _c25276 _d25276 |
||